[Event "Wijk m"]
[Site "Wijk m"]
[Date "1993.??.??"]
[Round "?"]
[White "Gelfand, Boris"]
[Black "Illescas Cordoba, Miguel"]
[Result "1-0"]
[WhiteElo "2690"]
[BlackElo "2615"]
[PlyCount "83"]
[EventDate "1993.??.??"]
[Source "www.chesslib.no"]
[SourceDate "2004.05.04"]

1. d4 d5 2. c4 e6 3. Nc3 c5 4. cxd5 exd5 5. Nf3 Nc6 6. g3 Nf6 7. Bg2 Be7 8. O-O O-O 9. Bg5 cxd4 10. Nxd4 h6 11. Bf4 Bg4 12. h3 Bh5 13. Nf5 Bg6 14. Nxe7+ Qxe7 15. Nxd5 Nxd5 16. Qxd5 Rad8 17. Qc4 Nd4 18. e4 b5 19. Qd3 f5 20. Rae1 Qf7 21. exf5 Bxf5 22. Qc3 b4 23. Qc5 Ne6 24. Qxb4 Nxf4 25. gxf4 Qxa2 26. Re7 Rf7 27. Rfe1 Rxe7 28. Rxe7 Qa6 29. Rxg7+ Kxg7 30. Qe7+ Kg6 31. Qxd8 Qa1+ 32. Kh2 Qxb2 33. Qe8+ Kg7 34. Qe7+ Kg6 35. Qxa7 Qg7 36. Qc5 Qf6 37. Qd5 h5 38. Be4 h4 39. Bxf5+ Qxf5 40. Qg8+ Kf6 41. Qd8+ Kg6 42. Qxh4 1-0

[Event "London ENG"]
[Site "London ENG"]
[Date "1983.??.??"]
[Round "2"]
[White "Korchnoi, Viktor L"]
[Black "Kasparov, Gary"]
[Result "1/2-1/2"]
[WhiteElo "2600"]
[BlackElo "2690"]
[PlyCount "61"]
[EventDate "1983.??.??"]
[Source "www.chesslib.no"]
[SourceDate "2004.05.04"]

1. d4 d5 2. c4 e6 3. Nc3 c5 4. cxd5 exd5 5. Nf3 Nc6 6. g3 Nf6 7. Bg2 Be7 8. O-O O-O 9. Bg5 cxd4 10. Nxd4 h6 11. Be3 Re8 12. a3 Be6 13. Qb3 Qd7 14. Nxe6 fxe6 15. Rad1 Bd6 16. Bc1 Kh8 17. Qa4 Qe7 18. e3 a6 19. Qh4 Rac8 20. e4 d4 21. Ne2 e5 22. Bh3 Rc7 23. Bg5 Kg8 24. Bxf6 Qxf6 25. Qxf6 gxf6 26. Nc1 Na5 27. Nb3 Nc4 28. Bf5 a5 29. Kg2 Kg7 30. Kh3 Ree7 31. Nc1 1/2-1/2

[Event "Buenos Aires Najdorf"]
[Site "Buenos Aires"]
[Date "1993.??.??"]
[Round "1"]
[White "Shirov, Alexei"]
[Black "Illescas Cordoba, Miguel"]
[Result "1/2-1/2"]
[WhiteElo "2670"]
[BlackElo "2615"]
[PlyCount "81"]
[EventDate "1993.04.??"]
[Source "ChessBase"]

1. d4 d5 2. c4 e6 3. Nc3 c5 4. cxd5 exd5 5. Nf3 Nc6 6. g3 Nf6 7. Bg2 Be7 8. O-O O-O 9. dxc5 Bxc5 10. Bg5 d4 11. Bxf6 Qxf6 12. Nd5 Qd8 13. Nd2 Re8 14. Rc1 Bb6 15. Nf4 Bg4 16. Re1 Rc8 17. Nc4 Bc7 18. Nd3 Qg5 19. Bf3 h5 20. Qb3 Rb8 21. h4 Qf5 22. Nd2 Bd6 23. Bxg4 hxg4 24. Nc4 Bc7 25. Na3 Ba5 26. Red1 Bb6 27. Rc2 Ne5 28. Nxe5 Rxe5 29. Qd3 Rbe8 30. Qxf5 Rxf5 31. Nc4 Bc5 32. Rd3 b5 33. Na5 Bb6 34. Nc6 Re4 35. Kg2 g5 36. f3 gxf3+ 37. exf3 Re8 38. g4 Rd5 39. Nb4 Rde5 40. hxg5 Rxg5 41. Rcd2 1/2-1/2

[Event "Pappier Memorial A"]
[Site "CAPA email"]
[Date "1998.??.??"]
[Round "?"]
[White "Al Thani, Mohammed Bin Khalid"]
[Black "Soltau, Achim (GER)"]
[Result "1/2-1/2"]
[WhiteElo "2630"]
[BlackElo "2570"]
[PlyCount "83"]
[EventDate "1998.??.??"]
[Source "www.chesslib.no"]
[SourceDate "2004.05.04"]

1. d4 d5 2. c4 e6 3. Nc3 c5 4. cxd5 exd5 5. Nf3 Nc6 6. g3 Nf6 7. Bg2 Be7 8. O-O O-O 9. dxc5 Bxc5 10. Bg5 d4 11. Bxf6 Qxf6 12. Nd5 Qd8 13. Nd2 Re8 14. Rc1 Bb6 15. Nf4 Bg4 16. Re1 d3 17. Nxd3 Bxe2 18. Rxe2 Qxd3 19. Rxe8+ Rxe8 20. Nc4 Qxd1+ 21. Rxd1 Rd8 22. Rc1 Bd4 23. Bxc6 bxc6 24. Rc2 Kf8 25. Na5 c5 26. Nb3 Rd5 27. Kf1 Bf6 28. Nxc5 Bxb2 29. Rxb2 Rxc5 30. Rb8+ Ke7 31. Rb7+ Kf6 32. Rxa7 Rc2 33. Ra6+ Kf5 34. Ra3 h5 35. Rf3+ Ke6 36. Re3+ Kf5 37. Re2 Rc3 38. Re3 Rc2 39. a3 Ra2 40. Kg2 g5 41. h3 g4 42. hxg4+ 1/2-1/2

[Event "St Petersburg vs Moscow"]
[Site "?"]
[Date "2005.06.15"]
[Round "2"]
[White "Belov Vladimir"]
[Black "Lugovoi Aleksei"]
[Result "1/2-1/2"]
[WhiteElo "2617"]
[BlackElo "2557"]
[PlyCount "79"]
[EventDate "2005.??.??"]
[Source "www.chesslib.no"]
[SourceDate "2004.05.04"]

1. d4 d5 2. c4 e6 3. Nc3 c5 4. cxd5 exd5 5. Nf3 Nc6 6. g3 Nf6 7. Bg2 Be7 8. O-O O-O 9. dxc5 Bxc5 10. a3 Re8 11. b4 Bb6 12. Na4 Bf5 13. Bb2 Be4 14. Nxb6 axb6 15. Qb3 Qd6 16. Rfd1 h6 17. Rd2 Qe6 18. Bf1 Bxf3 19. exf3 Ne5 20. Re2 Qf5 21. f4 Nc6 22. Rxe8+ Rxe8 23. Rd1 Rd8 24. Bxf6 gxf6 25. Bg2 d4 26. Qc4 Kg7 27. Bxc6 bxc6 28. Rxd4 Rxd4 29. Qxd4 c5 30. bxc5 bxc5 31. Qc4 Qb1+ 32. Kg2 Qb7+ 33. Kh3 Qb6 34. Kg4 Qa5 35. a4 Qb4 36. Qxb4 cxb4 37. a5 b3 38. a6 b2 39. a7 b1=Q 40. a8=Q 1/2-1/2

[Event "Corr"]
[Site "?"]
[Date "1995.??.??"]
[Round "?"]
[White "Palciauskas Vytas Victor"]
[Black "Anton Volker-Michael"]
[Result "1/2-1/2"]
[WhiteElo "2552"]
[BlackElo "2616"]
[PlyCount "43"]
[EventDate "1995.??.??"]
[Source "www.chesslib.no"]
[SourceDate "2004.05.04"]

1. d4 d5 2. c4 e6 3. Nc3 c5 4. cxd5 exd5 5. Nf3 Nc6 6. g3 Nf6 7. Bg2 Be7 8. O-O O-O 9. Bg5 cxd4 10. Nxd4 h6 11. Be3 Re8 12. Rc1 Bf8 13. Nxc6 bxc6 14. Na4 Bd7 15. Bc5 Bxc5 16. Nxc5 Bg4 17. Re1 Qa5 18. h3 Bf5 19. Qd4 Rab8 20. a3 Qb6 21. Qf4 Bg6 22. Na4 1/2-1/2

[Event "Dubai op"]
[Site "Dubai"]
[Date "2001.04.20"]
[Round "6"]
[White "Aleksandrov, Aleksej"]
[Black "Magerramov, Elmar"]
[Result "1-0"]
[WhiteElo "2610"]
[BlackElo "2556"]
[PlyCount "113"]
[EventDate "2001.04.15"]
[Source "ChessBase"]
[SourceDate "2001.07.05"]

1. d4 d5 2. c4 e6 3. Nc3 c5 4. cxd5 exd5 5. Nf3 Nc6 6. g3 Nf6 7. Bg2 Be7 8. O-O O-O 9. Bg5 cxd4 10. Nxd4 h6 11. Bf4 a6 12. Rc1 Re8 13. Na4 Bd7 14. Nxc6 Bxc6 15. Qb3 a5 16. Rfd1 Bf8 17. Be3 Ra6 18. Bd4 Ne4 19. a3 Qg5 20. Nc3 Qf5 21. Qc2 Qe6 22. Qd3 Raa8 23. Be3 d4 24. Qxd4 Bc5 25. Qd3 Bxe3 26. Qxe3 Nxc3 27. Rxc3 Qg4 28. Bf3 Rxe3 29. Bxg4 Rxc3 30. bxc3 g6 31. c4 h5 32. Bh3 Kf8 33. e3 Ke7 34. Kf1 Ra6 35. Rb1 Kd6 36. Ke1 Kc5 37. Bf1 Ra8 38. Kd2 h4 39. gxh4 Rh8 40. h3 Rxh4 41. Kc3 Rh5 42. Rd1 Rg5 43. Rd4 Rg1 44. Bd3 g5 45. h4 f6 46. h5 Rc1+ 47. Kb2 Rh1 48. Bg6 Bf3 49. Kc3 Rc1+ 50. Kb3 a4+ 51. Kb2 Rh1 52. Kc3 Rc1+ 53. Bc2 Rh1 54. e4 Bg4 55. e5 Be6 56. exf6 Rxh5 57. Bf5 1-0

[Event "77th ch-city"]
[Site "St Petersburg"]
[Date "2004.04.02"]
[Round "2"]
[White "Popov, Valerij"]
[Black "Yemelin, Vasily"]
[Result "1-0"]
[WhiteElo "2580"]
[BlackElo "2578"]
[PlyCount "145"]
[EventDate "2004.04.01"]
[Source "Roberto Alvarez"]
[SourceDate "2004.04.12"]

1. d4 d5 2. c4 e6 3. Nc3 c5 4. cxd5 exd5 5. Nf3 Nc6 6. g3 Nf6 7. Bg2 Be7 8. O-O O-O 9. Bg5 cxd4 10. Nxd4 h6 11. Bf4 Re8 12. Ncb5 Nh5 13. Be3 Bg4 14. h3 Bd7 15. Nc3 Nf6 16. Nxd5 Nxd5 17. Bxd5 Bxh3 18. Nxc6 bxc6 19. Bxc6 Bxf1 20. Qxf1 Bf6 21. Bxa8 Qxa8 22. Rb1 Qb7 23. b3 h5 24. Rc1 Qa6 25. Rc2 Be5 26. Qh3 Re6 27. Qxh5 Bxg3 28. Qc5 Be5 29. Qxa7 Rg6+ 30. Kf1 Qe6 31. Qa8+ Kh7 32. Qh1+ Kg8 33. Rc4 Bf6 34. Qa8+ Kh7 35. Qh1+ Kg8 36. Ke1 Be7 37. Qa8+ Kh7 38. Qh1+ Kg8 39. Qa8+ Kh7 40. Qe4 Qd7 41. Ra4 Bd8 42. Ra7 Qd6 43. Ra8 Qf6 44. Kd1 Qa1+ 45. Kc2 Bf6 46. Bc1 Qc3+ 47. Kd1 Qh3 48. Ra5 Bd8 49. Rd5 Bb6 50. Rg5 Bxf2 51. Rxg6 fxg6 52. Qf3 Qd7+ 53. Bd2 Bc5 54. a4 Qd4 55. Kc2 Ba3 56. Qh1+ Kg8 57. Bc3 Qe3 58. Qa8+ Kh7 59. Qf3 Qe6 60. Qh1+ Kg8 61. Qa8+ Kh7 62. Qh1+ Kg8 63. Qf3 g5 64. e4 g4 65. Qf5 Qxf5 66. exf5 g3 67. Bd4 Bb4 68. Kd3 Kf7 69. Ke2 g6 70. fxg6+ Kxg6 71. Bb6 g2 72. Kf2 Kf5 73. a5 1-0

[Event "Paks"]
[Site "?"]
[Date "2004.??.??"]
[Round "?"]
[White "Portisch, L."]
[Black "Korchnoi, V."]
[Result "1/2-1/2"]
[WhiteElo "2570"]
[BlackElo "2575"]
[PlyCount "52"]
[EventDate "2004.??.??"]
[Source "Chess Informant"]
[SourceDate "2004.06.01"]

1. d4 d5 2. c4 e6 3. Nc3 c5 4. cxd5 exd5 5. Nf3 Nc6 6. g3 Nf6 7. Bg2 Be7 8. O-O O-O 9. Be3 c4 10. Ne5 Be6 11. Nxc4 dxc4 12. d5 Nxd5 13. Nxd5 Nb4 14. Nf4 Bf5 15. Rc1 Qc7 16. Nd5 Nxd5 17. Bxd5 Rad8 18. Rxc4 Qa5 19. Rd4 Bh3 20. Bg2 Bxg2 21. Kxg2 Qxa2 22. Qa1 Qb3 23. Rfd1 a6 24. R1d3 Qb5 25. Qa2 Qc6+ 26. Kg1 Rxd4 1/2-1/2

[Event "Cup Russia"]
[Site "Serpukhov RUS"]
[Date "2007.11.06"]
[Round "1.2"]
[White "Lysyj, I."]
[Black "Kornev, Alexei"]
[Result "1/2-1/2"]
[WhiteElo "2591"]
[BlackElo "2532"]
[PlyCount "72"]
[EventDate "2007.11.05"]
[Source "www.chesslib.no"]
[SourceDate "2004.05.04"]

1. d4 d5 2. c4 e6 3. Nc3 c5 4. cxd5 exd5 5. Nf3 Nc6 6. g3 Nf6 7. Bg2 Be7 8. O-O O-O 9. dxc5 Bxc5 10. Na4 Be7 11. Be3 Ne4 12. Rc1 Bf6 13. Nd4 Ne5 14. f3 Nd6 15. Bf2 Ndc4 16. b3 Nb6 17. Nxb6 axb6 18. Qd2 Re8 19. a4 Nd7 20. Rfd1 Nc5 21. Qc2 Bd7 22. Nb5 Bxb5 23. axb5 d4 24. Qc4 Qe7 25. b4 Na4 26. Bxd4 Bxd4+ 27. Qxd4 Qxe2 28. f4 Qe7 29. Bd5 Rac8 30. Rxc8 Rxc8 31. Bxb7 Nc3 32. Qd7 Qe3+ 33. Kh1 Rf8 34. Ra1 h5 35. Ra8 Rxa8 36. Bxa8 g6 1/2-1/2

[Event "Dresden ZMD op"]
[Site "?"]
[Date "2002.??.??"]
[Round "7"]
[White "Graf Alexander"]
[Black "Rabiega Robert"]
[Result "1-0"]
[WhiteElo "2620"]
[BlackElo "2500"]
[PlyCount "117"]
[EventDate "2002.??.??"]
[Source "www.chesslib.no"]
[SourceDate "2004.05.04"]

1. d4 d5 2. c4 e6 3. Nc3 c5 4. cxd5 exd5 5. Nf3 Nc6 6. g3 Nf6 7. Bg2 Be7 8. O-O O-O 9. Bg5 c4 10. Ne5 Be6 11. e3 Nd7 12. Bxe7 Nxe7 13. Nf3 Rc8 14. Ng5 Bf5 15. e4 dxe4 16. Ngxe4 Qb6 17. Re1 Bxe4 18. Nxe4 Nf6 19. Nxf6+ Qxf6 20. Bxb7 Rb8 21. Qf3 Qxf3 22. Bxf3 Nf5 23. Bd5 Rxb2 24. Bxc4 Nxd4 25. Re7 Rc2 26. Ba6 Rc5 27. Rd1 Nf3+ 28. Kg2 Ne5 29. Bb7 Ng6 30. Red7 Ne5 31. R7d5 Rc7 32. Ba6 f6 33. R1d2 Rb8 34. f4 Rb6 35. Bb5 Nf7 36. Ba4 Kf8 37. Bb3 Ke7 38. Re2+ Kf8 39. Kf3 Rc3+ 40. Re3 Rxe3+ 41. Kxe3 Ke7 42. Rc5 Rb7 43. Bd5 Rd7 44. Be4 g6 45. g4 Nd6 46. Bd3 Nb7 47. Rc6 Nd8 48. Rc8 Ne6 49. f5 gxf5 50. Bxf5 Kd6 51. Re8 Re7 52. Rxe7 Kxe7 53. Bxh7 Ng5 54. Bd3 Nf7 55. h4 a5 56. a4 Ne5 57. Bf5 Nf7 58. Kd4 Kd6 59. Kc4 1-0

[Event "Chigorin mem-A 10th"]
[Site "?"]
[Date "2002.10.26"]
[Round "2"]
[White "Grachev Boris"]
[Black "Lastin Alexander"]
[Result "0-1"]
[WhiteElo "2489"]
[BlackElo "2625"]
[PlyCount "82"]
[EventDate "2002.??.??"]
[Source "www.chesslib.no"]
[SourceDate "2004.05.04"]

1. d4 d5 2. c4 e6 3. Nc3 c5 4. cxd5 exd5 5. Nf3 Nc6 6. g3 Nf6 7. Bg2 Be7 8. O-O O-O 9. Bg5 cxd4 10. Nxd4 h6 11. Be3 Re8 12. Rc1 Bf8 13. Nxc6 bxc6 14. Na4 Bd7 15. Nc5 Bg4 16. Qd2 Rb8 17. Rfe1 Rb5 18. a4 Rb8 19. Bd4 a5 20. f3 Be6 21. e3 Nd7 22. Nxe6 Rxe6 23. Bh3 Bb4 24. Bc3 Ne5 25. Qe2 Re7 26. Red1 Bxc3 27. Rxc3 Reb7 28. f4 Rxb2 29. Qh5 Nd7 30. Rxc6 Qe8 31. Re1 Nf6 32. Rxf6 Rb1 33. Rxb1 Rxb1+ 34. Kf2 Rb2+ 35. Kf3 Qe4+ 36. Kg4 gxf6 37. Qxh6 Qg6+ 38. Qxg6+ fxg6 39. Kf3 Kf7 40. Bf1 Rxh2 41. e4 Ra2 0-1

[Event "Kazan RUS"]
[Site "?"]
[Date "2006.06.05"]
[Round "5"]
[White "Bocharov Dmitry"]
[Black "Bezgodov Alexei"]
[Result "1-0"]
[WhiteElo "2559"]
[BlackElo "2554"]
[PlyCount "77"]
[EventDate "2006.??.??"]
[Source "www.chesslib.no"]
[SourceDate "2004.05.04"]

1. d4 d5 2. c4 e6 3. Nc3 c5 4. cxd5 exd5 5. Nf3 Nc6 6. g3 Nf6 7. Bg2 Be7 8. O-O O-O 9. Bg5 cxd4 10. Nxd4 h6 11. Be3 Re8 12. Qa4 Bd7 13. Rfd1 Na5 14. Qc2 Rc8 15. Nf5 Bf8 16. Bxd5 Nxd5 17. Rxd5 Nc4 18. Rad1 Bxf5 19. Qxf5 Nxe3 20. fxe3 Qb6 21. Rd7 Qxb2 22. Qxf7+ Kh8 23. Nd5 Qxa2 24. Qf3 a5 25. Nf4 Qc2 26. R1d3 Qc6 27. Qg4 Qe4 28. Ng6+ Kg8 29. Qxe4 Rxe4 30. Rxb7 a4 31. Rdd7 Rg4 32. Nxf8 Rxf8 33. Ra7 Re8 34. Kf2 Rf8+ 35. Kg2 Re8 36. Kf3 Rge4 37. Rxg7+ Kh8 38. Rh7+ Kg8 39. Rxh6 1-0

[Event "Cappelle op"]
[Site "Cappelle la Grande"]
[Date "1998.??.??"]
[Round "5"]
[White "Atalik, Suat"]
[Black "Iuldachev, Saidali"]
[Result "1/2-1/2"]
[WhiteElo "2595"]
[BlackElo "2515"]
[PlyCount "88"]
[EventDate "1998.02.21"]
[Source "ChessBase"]
[SourceDate "1998.04.29"]

1. d4 d5 2. c4 e6 3. Nc3 c5 4. cxd5 exd5 5. Nf3 Nc6 6. g3 Nf6 7. Bg2 Be7 8. O-O O-O 9. dxc5 Bxc5 10. Na4 Be7 11. Be3 Ne4 12. Rc1 Bf6 13. Nd4 Qa5 14. a3 Bd7 15. Nc3 Rad8 16. Nb3 Nxc3 17. bxc3 Qc7 18. Qxd5 Rfe8 19. Nc5 Bc8 20. Qf3 Be7 21. Na6 Qa5 22. Nb4 Ne5 23. Qe4 Ng4 24. Rcd1 Bc5 25. Rxd8 Qxd8 26. Qf3 Nxe3 27. fxe3 Bxe3+ 28. Kh1 f5 29. Nd5 Bc5 30. c4 Qd6 31. Bh3 Qe5 32. Nb4 Qe4 33. Qxe4 Rxe4 34. Bxf5 Bxf5 35. Rxf5 b6 36. Nc6 Bxa3 37. Nxa7 Rxe2 38. Nb5 Bc5 39. Rf4 Rc2 40. g4 g5 41. Re4 Kf7 42. h3 Rd2 43. Na7 Bd6 44. Nc8 Bc5 1/2-1/2

[Event "Corr"]
[Site "?"]
[Date "1998.??.??"]
[Round "?"]
[White "Binelli Rodolfo Eduardo"]
[Black "Holmberg Rune"]
[Result "1/2-1/2"]
[WhiteElo "2542"]
[BlackElo "2567"]
[PlyCount "71"]
[EventDate "1998.??.??"]
[Source "www.chesslib.no"]
[SourceDate "2004.05.04"]

1. d4 d5 2. c4 e6 3. Nc3 c5 4. cxd5 exd5 5. Nf3 Nc6 6. g3 Nf6 7. Bg2 Be7 8. O-O O-O 9. Bg5 Be6 10. dxc5 Bxc5 11. Bxf6 Qxf6 12. Nxd5 Qxb2 13. Nc7 Rad8 14. Qc1 Qxc1 15. Raxc1 b6 16. Nxe6 fxe6 17. e3 h6 18. Ng5 hxg5 19. Bxc6 Rd2 20. a4 e5 21. Be4 Rfd8 22. Rc2 Rxc2 23. Bxc2 Kf7 24. Rd1 Rxd1+ 25. Bxd1 Ke6 26. Kg2 Be7 27. Kf3 Kd5 28. Be2 Bf6 29. Kg4 Ke6 30. Bc4+ Kd6 31. e4 Kc5 32. Bb5 Kd6 33. h4 gxh4 34. gxh4 Bd8 35. h5 Ke6 36. Bc4+ 1/2-1/2

[Event "Abu Dhabi Masters op"]
[Site "Abu Dhabi"]
[Date "1999.08.30"]
[Round "9"]
[White "Barsov, Alexei"]
[Black "Magerramov, Elmar"]
[Result "0-1"]
[WhiteElo "2539"]
[BlackElo "2567"]
[PlyCount "80"]
[EventDate "1999.08.21"]
[Source "www.chesslib.no"]
[SourceDate "2004.05.04"]

1. d4 d5 2. c4 e6 3. Nc3 c5 4. cxd5 exd5 5. Nf3 Nc6 6. g3 Nf6 7. Bg2 Be7 8. O-O O-O 9. dxc5 d4 10. Na4 Bf5 11. Bf4 Be4 12. Rc1 Re8 13. a3 Qd5 14. b4 Rad8 15. Re1 h6 16. b5 Na5 17. Bc7 Nb3 18. Bxd8 Rxd8 19. Rc2 Bxc2 20. Qxc2 Nxc5 21. Nxc5 Bxc5 22. Rd1 Qd6 23. Nxd4 Bxd4 24. e3 Qxa3 25. exd4 Qb4 26. Bxb7 Qxb5 27. Bc6 Qh5 28. Rd2 Rc8 29. Qa4 Qh3 30. Bg2 Rc1+ 31. Rd1 Qd7 32. Qb3 Rxd1+ 33. Qxd1 a5 34. Qf3 Qd8 35. Qb7 g6 36. Bc6 Kg7 37. Qa7 Qd6 38. Qc5 Qxc5 39. dxc5 Kf8 40. Kg2 Ke7 0-1

[Event "Thessaloniki (ol)"]
[Site "?"]
[Date "1988.??.??"]
[Round "?"]
[White "Ftacnik, L."]
[Black "Xu Jun"]
[Result "1-0"]
[WhiteElo "2590"]
[BlackElo "2505"]
[PlyCount "117"]
[EventDate "1988.??.??"]
[Source "ChessBase"]
[SourceDate "1988.07.01"]

1. d4 d5 2. c4 e6 3. Nc3 c5 4. cxd5 exd5 5. Nf3 Nc6 6. g3 Nf6 7. Bg2 Be7 8. O-O O-O 9. dxc5 Bxc5 10. Bg5 d4 11. Bxf6 Qxf6 12. Nd5 Qd8 13. Nd2 Re8 14. Rc1 Bb6 15. Nf4 Bc7 16. Nd3 Rb8 17. Re1 Be6 18. b4 Bxa2 19. b5 Ne5 20. Qa4 Nxd3 21. exd3 Rxe1+ 22. Rxe1 Be6 23. Qxa7 Ba5 24. Rxe6 fxe6 25. Nc4 Bb4 26. Bh3 h6 27. Bxe6+ Kh7 28. Bf5+ Kg8 29. Ne5 Ra8 30. Qxb7 Ra1+ 31. Kg2 Qa8 32. Be6+ Kf8 33. Qxa8+ Rxa8 34. b6 Bd6 35. b7 Ra7 36. Ng6+ Ke8 37. Bd5 Ra5 38. Be4 Kd8 39. Nh4 Kc7 40. Nf5 Rxf5 41. Bxf5 Kxb7 42. Kf3 Kc7 43. Ke4 Kd8 44. Kxd4 Ke7 45. h4 Bb8 46. Ke4 Kf6 47. Bc8 Bc7 48. d4 Bd6 49. f4 Bb4 50. g4 Bd2 51. g5+ hxg5 52. fxg5+ Ke7 53. Kf5 Bc3 54. d5 Bb2 55. Be6 Bc3 56. Kg6 Bd4 57. Kh7 Bc3 58. h5 Bd4 59. Kg8 1-0

[Event "Vladivostok"]
[Site "Vladivostok"]
[Date "1994.??.??"]
[Round "7"]
[White "Yakovich, Yuri"]
[Black "Graf, Alexander"]
[Result "1/2-1/2"]
[WhiteElo "2515"]
[BlackElo "2575"]
[PlyCount "92"]
[EventDate "1994.??.??"]
[Source "ChessBase"]

1. d4 d5 2. c4 e6 3. Nc3 c5 4. cxd5 exd5 5. Nf3 Nc6 6. g3 Nf6 7. Bg2 Be7 8. O-O O-O 9. Bg5 c4 10. Ne5 Be6 11. b3 Qa5 12. Bd2 Bb4 13. Nxc6 bxc6 14. Qc2 Rab8 15. Rfd1 c5 16. bxc4 cxd4 17. Nxd5 Nxd5 18. cxd5 Bxd5 19. a3 Bxd2 20. Qxd2 Qxd2 21. Rxd2 Bc4 22. Rc1 Bb5 23. Bf3 Rfd8 24. Rb1 a6 25. Rb4 d3 26. exd3 Rbc8 27. Rb1 Ba4 28. Rb7 g6 29. Ra7 Bb5 30. Be2 Rc1+ 31. Kg2 Ra1 32. d4 Bc6+ 33. f3 Rxa3 34. Rxa6 Bxf3+ 35. Kf2 Rxa6 36. Bxa6 Bd5 37. Be2 Rc8 38. Bf3 Bxf3 39. Kxf3 Kf8 40. h4 Ke7 41. Kf4 Ke6 42. Re2+ Kf6 43. d5 Rc4+ 44. Re4 Rxe4+ 45. Kxe4 Ke7 46. g4 f6 1/2-1/2

[Event "EU-chT (Men)"]
[Site "Plovdiv"]
[Date "1983.??.??"]
[Round "6"]
[White "Romanishin, Oleg M"]
[Black "Chandler, Murray G"]
[Result "1/2-1/2"]
[WhiteElo "2585"]
[BlackElo "2500"]
[PlyCount "80"]
[EventDate "1983.06.??"]
[Source "ChessBase"]

1. d4 d5 2. c4 e6 3. Nc3 c5 4. cxd5 exd5 5. Nf3 Nc6 6. g3 Nf6 7. Bg2 Be7 8. O-O O-O 9. a3 c4 10. Ne5 Na5 11. Bg5 Nb3 12. Rb1 Bf5 13. e4 dxe4 14. Be3 Rc8 15. Re1 a6 16. h3 h6 17. g4 Bh7 18. d5 b5 19. Nc6 Rxc6 20. dxc6 Qc7 21. h4 Rd8 22. Qe2 h5 23. gxh5 Rd3 24. Rbd1 Bf5 25. Rxd3 cxd3 26. Qd1 Ng4 27. Qxb3 Qh2+ 28. Kf1 Ne5 29. Bf4 Qxf4 30. Nd5 Qxh4 31. Nxe7+ Qxe7 32. Qd5 Qc7 33. Bxe4 Bh3+ 34. Bg2 d2 35. Rxe5 Qxe5 36. Qd8+ Kh7 37. Qd3+ Kg8 38. Qd8+ Kh7 39. Qd3+ Kg8 40. Qd8+ Kh7 1/2-1/2

[Event "Corr"]
[Site "?"]
[Date "1998.??.??"]
[Round "?"]
[White "Patrici Norberto Eugenio"]
[Black "Holmberg Rune"]
[Result "1/2-1/2"]
[WhiteElo "2511"]
[BlackElo "2567"]
[PlyCount "55"]
[EventDate "1998.??.??"]
[Source "www.chesslib.no"]
[SourceDate "2004.05.04"]

1. d4 d5 2. c4 e6 3. Nc3 c5 4. cxd5 exd5 5. Nf3 Nc6 6. g3 Nf6 7. Bg2 Be7 8. O-O O-O 9. Bg5 Be6 10. dxc5 Bxc5 11. Bxf6 Qxf6 12. Nxd5 Qxb2 13. Nc7 Rad8 14. Qc1 Qxc1 15. Raxc1 b6 16. Nxe6 fxe6 17. e3 h6 18. Rc4 Rd6 19. Re4 Rf5 20. h4 Rfd5 21. Bh3 Kf7 22. a4 Kf6 23. Kg2 Ba3 24. Rb1 Bc5 25. g4 g5 26. hxg5+ hxg5 27. Kg3 Rd8 28. Bf1 1/2-1/2

[Event "Saloniki"]
[Site "Saloniki"]
[Date "1988.??.??"]
[Round "4"]
[White "Ftacnik, Lubomir"]
[Black "Xu Jun"]
[Result "1-0"]
[WhiteElo "2570"]
[BlackElo "2505"]
[PlyCount "111"]
[EventDate "1988.??.??"]
[Source "www.chesslib.no"]
[SourceDate "2004.05.04"]

1. d4 d5 2. c4 e6 3. Nc3 c5 4. cxd5 exd5 5. Nf3 Nc6 6. g3 Nf6 7. Bg2 Be7 8. O-O O-O 9. dxc5 Bxc5 10. Bg5 d4 11. Bxf6 Qxf6 12. Nd5 Qd8 13. Nd2 Re8 14. Rc1 Bb6 15. Nf4 Bc7 16. Nd3 Rb8 17. Re1 Be6 18. b4 Bxa2 19. b5 Ne5 20. Qa4 Nxd3 21. exd3 Rxe1+ 22. Rxe1 Be6 23. Qxa7 Ba5 24. Rxe6 fxe6 25. Nc4 Bb4 26. Bh3 h6 27. Bxe6+ Kh7 28. Bf5+ Kg8 29. Ne5 Ra8 30. Qxb7 Ra1+ 31. Kg2 Qa8 32. Be6+ Kf8 33. Qxa8+ Rxa8 34. b6 Bd6 35. b7 Ra7 36. Ng6+ Ke8 37. Bd5 Ra5 38. Be4 Kd8 39. Nh4 Ke7 40. Nf5+ Rxf5 41. Bxf5 Kd8 42. Kf3 Kc7 43. Ke4 Kd8 44. Kxd4 Ke7 45. h4 Bb8 46. Ke4 Kf6 47. Bc8 Bc7 48. d4 Bd6 49. f4 Bb8 50. g4 Bc7 51. g5+ hxg5 52. fxg5+ Ke7 53. Kf5 Bg3 54. d5 Bh2 55. Be6 Bg3 56. Kg6 1-0

[Event "New York op"]
[Site "New York"]
[Date "1998.03.17"]
[Round "3"]
[White "Vaisser, Anatoli"]
[Black "Stripunsky, Alexander"]
[Result "1/2-1/2"]
[WhiteElo "2595"]
[BlackElo "2475"]
[PlyCount "120"]
[EventDate "1998.03.16"]
[Source "ChessBase"]
[SourceDate "1998.06.15"]

1. d4 d5 2. c4 e6 3. Nc3 c5 4. cxd5 exd5 5. Nf3 Nc6 6. g3 Nf6 7. Bg2 Be7 8. O-O O-O 9. dxc5 Bxc5 10. Bg5 Be6 11. Bxf6 Qxf6 12. Nxd5 Qxb2 13. Nc7 Rad8 14. Qc1 Qxc1 15. Raxc1 b6 16. Nxe6 fxe6 17. Bh3 e5 18. Ng5 Nd4 19. Bg4 h6 20. Ne4 Ba3 21. Rc3 Bb4 22. Rc4 a5 23. e3 Nb5 24. Rd1 Rxd1+ 25. Bxd1 Rd8 26. Bb3 Kf8 27. Rc6 Nd6 28. Nxd6 Rxd6 29. Rc7 g5 30. Rf7+ Ke8 31. Rf5 Bc3 32. a4 Kd7 33. Rf8 Rd2 34. Bc4 Kd6 35. Bb5 Rb2 36. Kf1 Rb1+ 37. Kg2 Rb2 38. Rf6+ Ke7 39. Rxh6 Be1 40. Kf3 Rxf2+ 41. Ke4 Bc3 42. Rc6 Bb2 43. Rxb6 Rxh2 44. Rg6 Rh1 45. Rxg5 Re1 46. Rf5 Rg1 47. Rf3 Bc3 48. Bc4 Kd6 49. Kf5 Be1 50. g4 Rg3 51. Rxg3 Bxg3 52. Kf6 e4 53. Kf5 Be5 54. Kxe4 Ba1 55. Kf5 Bb2 56. g5 Ba1 57. Kg6 Ke7 58. Kf5 Kd6 59. Bb3 Bb2 60. Ke4 Ba1 1/2-1/2

[Event "Dubai (ol)"]
[Site "?"]
[Date "1986.??.??"]
[Round "?"]
[White "Spassky, B."]
[Black "Xu, Jun"]
[Result "1-0"]
[WhiteElo "2620"]
[BlackElo "2440"]
[PlyCount "81"]
[EventDate "1986.??.??"]
[Source "ChessBase"]
[SourceDate "1986.07.01"]

1. d4 d5 2. c4 e6 3. Nc3 c5 4. cxd5 exd5 5. Nf3 Nc6 6. g3 Nf6 7. Bg2 Be7 8. O-O O-O 9. Bg5 cxd4 10. Nxd4 Re8 11. Rc1 h6 12. Be3 Bg4 13. h3 Be6 14. Nxe6 fxe6 15. f4 Qd7 16. Bf2 Red8 17. Qa4 a6 18. Rfd1 b5 19. Qc2 Rac8 20. Qb1 Bb4 21. Ne4 Nxe4 22. Bxe4 Ne7 23. Bf3 Rxc1 24. Rxc1 Rc8 25. Kg2 Rc4 26. b3 Rc3 27. Rxc3 Bxc3 28. Qd3 Qc6 29. e4 b4 30. f5 d4 31. fxe6 Qd6 32. e5 Qxe6 33. Bxd4 Bxd4 34. Qxd4 Nf5 35. Qc5 Ne7 36. Be4 g6 37. g4 Kf7 38. Kf3 Kg7 39. Ke3 Kf7 40. Qd6 Qxd6 41. exd6 1-0

[Event "New York Open"]
[Site "New York, NY USA"]
[Date "1984.??.??"]
[Round "2"]
[White "Portisch, Lajos"]
[Black "Wilder, Michael J"]
[Result "1-0"]
[WhiteElo "2625"]
[BlackElo "2435"]
[PlyCount "91"]
[EventDate "1984.04.??"]
[Source "www.chesslib.no"]
[SourceDate "2004.05.04"]

1. d4 d5 2. c4 e6 3. Nc3 c5 4. cxd5 exd5 5. Nf3 Nc6 6. g3 Nf6 7. Bg2 Be7 8. O-O O-O 9. Bg5 cxd4 10. Nxd4 h6 11. Be3 Re8 12. Qb3 Na5 13. Qc2 Bg4 14. Nf5 Bb4 15. Bd4 Rc8 16. Ne3 Be6 17. Qa4 Bxc3 18. Bxc3 Nc6 19. Rfd1 Qe7 20. Rd2 d4 21. Bxd4 Nxd4 22. Rxd4 Qc5 23. Rad1 a5 24. Bxb7 Rb8 25. Bf3 Rxb2 26. Nd5 Rf8 27. Nxf6+ gxf6 28. Rd8 Qb6 29. R8d2 Rxd2 30. Rxd2 Rc8 31. Kg2 Kg7 32. a3 Qb1 33. Bd5 Bxd5+ 34. Rxd5 Qb7 35. Qg4+ Kf8 36. Qf3 Qa6 37. Rh5 Re8 38. e3 Rc8 39. a4 Rc1 40. Rb5 Qe6 41. Qd5 Qg4 42. Rb7 Qg6 43. e4 h5 44. Rb5 Ra1 45. Qd8+ Kg7 46. Qd4 1-0